Sin trilogy. 3, Hříšně hříšný /
Závěrečná část erotického románu americké autorky. Po všech katastrofách se vztah Lincolna a Whitney snad konečně může ubírat správným směrem.
Uloženo v:
| Série: | Sin trilogy,
část 3 |
|---|---|
| Hlavní autor: | |
| Další autoři: | |
| Médium: | E-kniha |
| Jazyk: | Czech |
| Vydáno: |
Praha :
Baronet,
2023
|
| Vydání: | Vydání první |
| Témata: | |
| Příbuzné jednotky: | Z cyklu::
Sin trilogy |
| Tagy: |
Žádné tagy |
| LEADER | 02301nam a2200469 i 4500 | ||
|---|---|---|---|
| 001 | 311963 | ||
| 003 | CZ PrSKC | ||
| 005 | 20260601215714.0 | ||
| 007 | ta | ||
| 008 | 230613s2023 xr e 000 f cze | ||
| 015 | |a cnb003524852 | ||
| 020 | |a 9788026920939 |q (vázáno) | ||
| 035 | |a (OCoLC)1393198809 | ||
| 040 | |a ABG001 |b cze |e rda | ||
| 041 | 1 | |a cze |h eng | |
| 072 | 7 | |a 821.111(73)-3 |x Americká próza |2 Konspekt | |
| 080 | |a 821.111(73)-31 |2 MRF | ||
| 080 | |a (0:82-993) |2 MRF | ||
| 100 | 1 | |a March, Meghan |7 xx0256271 |4 aut | |
| 240 | 1 | 0 | |a Reveling in sin. |l Česky |
| 245 | 1 | 0 | |a Sin trilogy. |n 3, |p Hříšně hříšný / |c Meghan March ; přeložila: Eva Brožová |
| 246 | 3 | 0 | |a Hříšně hříšný |
| 250 | |a Vydání první | ||
| 264 | 1 | |a Praha : |b Baronet, |c 2023 | |
| 300 | |a 264 stran ; |c 21 cm | ||
| 336 | |a text |b txt |2 rdacontent | ||
| 337 | |a bez média |b n |2 rdamedia | ||
| 338 | |a svazek |b nc |2 rdacarrier | ||
| 500 | |a Přeloženo z angličtiny | ||
| 520 | 2 | |a Závěrečná část erotického románu americké autorky. Po všech katastrofách se vztah Lincolna a Whitney snad konečně může ubírat správným směrem. |b Whitney Gableová je žena, za kterou byste položili život, abyste ji ochránili. Abyste si ji udrželi. Abyste se o ni postarali. Konečně jsem se poučil z předchozích chyb a je načase dokázat, že jsem muž, který si ji zaslouží. Je mi jedno, co tomu obětuju, protože nesmím prohrát. Bez ohledu na to, kdo nebo co mi stojí v cestě - tentokrát bude moje navždycky. Nakladatelská anotace. | |
| 546 | |a Český text | ||
| 655 | 7 | |a americké romány |7 fd131796 |2 czenas | |
| 655 | 7 | |a erotické romány |7 fd132211 |2 czenas | |
| 655 | 9 | |a American fiction |2 eczenas | |
| 655 | 9 | |a erotic novels |2 eczenas | |
| 700 | 1 | |a Brožová, Eva |7 jn20010309864 |4 trl | |
| 787 | 0 | 8 | |i Z cyklu: |t Sin trilogy |g 3 |
| 900 | |a ABA001 |b 21 | ||
| 044 | |a xr | ||
| 910 | |a RBIT002 | ||
| 998 | |d 378544 |a https://core.palmknihy.cz/api/books/378544/cover?svfbh4 |b https://core.palmknihy.cz/api/books/378544/cover/400?svfbh4 |c https://core.palmknihy.cz/api/books/378544/cover/50?svfbh4 |e 2032-11-19 |g 264 |i 9788026920939 |j https://core.palmknihy.cz/api/books/378544/preview.epub |l |q 49 |r 1 |s https://www.palmknihy.cz/kniha/378544 |t ebook |y 2023 |z 0 |v Sin Trilogy |w 3 | ||
| 999 | |d 311961 | ||